Statistics for Misspelled Words #1

Click here to take the quiz!

General Stats

  • This quiz has been taken 76 times
  • The average score is 9 of 10

Answer Stats

IncorrectCorrect% Correct
DefeniteDefinite
99%
CalenderCalendar
97%
SeperateSeparate
97%
AccomadateAccommodate
96%
ArgumantArgument
96%
CemetaryCemetery
93%
MilleniumMillennium
93%
NeccesaryNecessary
93%
PronounciationPronunciation
88%
FlourescentFluorescent
72%

Score Distribution

Percentile by Number Answered

Percent of People with Each Score

Your Score History

You have not taken this quiz